[Event "Kieler Open 2018-A"]
[Site "Kiel"]
[Date "2018.07.29"]
[Round "4.22"]
[White "Horn, Peter"]
[Black "Bahlo, Jens"]
[Result "1-0"]
[WhiteElo "2112"]
[BlackElo "1973"]
[Annotator "PH"]
[PlyCount "65"]

1. c4 Nc6 2. g3 d5 3. cxd5 Qxd5 4. Nf3 Bg4 5. Bg2 Nf6 6. Nc3 Qd7 7. h3 Bxf3 8.
Bxf3 O-O-O 9. d3 e5 10. Be3 Kb8 11. Bg2 h5 12. Qb3 Na5 13. Qc2 b6 14. O-O Nb7
15. Rfd1 Bd6 16. a3 Bc5 17. Bxc5 Nxc5 18. b4 Ne6 19. e3 h4 20. g4 Ne8 21. b5
Nd6 22. a4 f5 23. gxf5 Nc5 24. d4 exd4 25. exd4 Ncb7 26. Nd5 Rc8 27. Nb4 Qxf5
28. Qxf5 Nxf5 29. a5 bxa5 30. Nc6+ Ka8 31. Nxa5 Nfd6 32. Rdb1 c6 33. Nxc6 1-0

[Event "Kieler Open 2018-A"]
[Site "Kiel"]
[Date "2018.07.29"]
[Round "4.23"]
[White "Haffner, Alexander"]
[Black "Olde, Henning"]
[Result "1-0"]
[WhiteElo "2107"]
[BlackElo "1839"]
[Annotator "PH"]
[PlyCount "75"]

1. d4 f5 2. Nf3 Nf6 3. g3 e6 4. Bg2 d5 5. c4 c6 6. Nbd2 Bd6 7. O-O O-O 8. b3
Nbd7 9. Bb2 Qe7 10. Ne5 Ne4 11. Rc1 Qg5 12. Ndf3 Qh5 13. e3 Ndf6 14. Nd3 g5 15.
Nfe5 g4 16. h4 Qh6 17. Nf4 Nd7 18. Qc2 Qf6 19. Ned3 Re8 20. Rfd1 Nf8 21. Qe2
Ng6 22. Rc2 Qf7 23. Bxe4 dxe4 24. Ne5 Bxe5 25. dxe5 Nxf4 26. exf4 c5 27. Rcd2
b6 28. Rd6 Rb8 29. Qd2 Rb7 30. Bc3 Rc7 31. a4 Ree7 32. a5 Red7 33. axb6 axb6
34. Qe3 Kf8 35. R1d2 Ke8 36. Rxb6 Rxd2 37. Bxd2 Qe7 38. Rd6 {time} 1-0

[Event "Kieler Open 2018-A"]
[Site "Kiel"]
[Date "2018.07.29"]
[Round "4.24"]
[White "Besenthal, Klaus-Günther"]
[Black "Fleischmann, Yannic"]
[Result "1-0"]
[WhiteElo "2053"]
[BlackElo "1748"]
[Annotator "PH"]
[PlyCount "35"]

1. d4 Nf6 2. Bf4 d5 3. e3 e6 4. Nc3 Bd6 5. Nf3 O-O 6. Bd3 Nbd7 7. Ne5 Qe7 8.
Qf3 a6 9. Ne2 c5 10. c3 Rd8 11. h4 Nf8 12. g4 Ne8 13. g5 Bd7 14. h5 Bb5 15. Bc2
f6 16. gxf6 gxf6 17. Rg1+ Kh8 18. Qg3 1-0

[Event "Kieler Open 2018-A"]
[Site "Kiel"]
[Date "2018.07.29"]
[Round "4.25"]
[White "Neuendorf, Max"]
[Black "Wanner, Lukas"]
[Result "1/2-1/2"]
[WhiteElo "1981"]
[BlackElo "2025"]
[Annotator "PH"]
[PlyCount "48"]

1. e4 c5 2. c3 d5 3. exd5 Nf6 4. d4 Nxd5 5. c4 Nf6 6. d5 e6 7. Nc3 exd5 8. cxd5
Bd6 9. Be2 O-O 10. Nf3 Re8 11. Bg5 Bg4 12. O-O Nbd7 13. Re1 a6 14. Nd2 Bxe2 15.
Rxe2 Bxh2+ 16. Kxh2 Ng4+ 17. Kh3 Qxg5 18. Rxe8+ Rxe8 19. Qxg4 Qh6+ 20. Kg3 Nf6
21. Qd1 Qg5+ 22. Kh3 Qh6+ 23. Kg3 Qg5+ 24. Kh3 Qh6+ 1/2-1/2

[Event "Kieler Open 2018-A"]
[Site "Kiel"]
[Date "2018.07.29"]
[Round "4.26"]
[White "Nottenkämper, Franz-Ludwig"]
[Black "Ghadimi, Mohammed Reza"]
[Result "0-1"]
[WhiteElo "1823"]
[BlackElo "2108"]
[Annotator "PH"]
[PlyCount "70"]

1. Nf3 Nf6 2. d4 g6 3. c4 Bg7 4. Nc3 d5 5. cxd5 Nxd5 6. e4 Nxc3 7. bxc3 c5 8.
Bb5+ Nd7 9. O-O O-O 10. Be3 a6 11. Be2 Qc7 12. Rc1 Nf6 13. Qc2 b6 14. Ne5 Bb7
15. f3 Rac8 16. Bf4 Nh5 17. Nxg6 Nxf4 18. Nxf8 Kxf8 19. d5 e6 20. dxe6 Nxe6 21.
Bc4 b5 22. Bxe6 fxe6 23. f4 Kg8 24. a4 Qc6 25. axb5 axb5 26. f5 Qxe4 27. Qxe4
Bxe4 28. fxe6 Re8 29. Rcd1 Bxc3 30. Rd7 Rxe6 31. Rd8+ Kg7 32. Rff8 Bd4+ 33. Kh1
b4 34. Rg8+ Kh6 35. Rg3 Bf5 0-1

[Event "Kieler Open 2018-A"]
[Site "Kiel"]
[Date "2018.07.29"]
[Round "4.27"]
[White "Lorenzen, Jan-Hendrik"]
[Black "Dengla, Aarav"]
[Result "1/2-1/2"]
[WhiteElo "2024"]
[BlackElo "1805"]
[Annotator "PH"]
[PlyCount "69"]

1. Nf3 d5 2. d4 Nf6 3. g3 Bf5 4. Bg2 e6 5. Nbd2 c5 6. e3 Nc6 7. a3 c4 8. O-O
Bd6 9. h3 h6 10. b3 b5 11. bxc4 bxc4 12. Nh4 Bh7 13. Nxc4 Rc8 14. Nxd6+ Qxd6
15. Bd2 Ne7 16. Bb4 Qd7 17. c3 g5 18. Nf3 Nc6 19. Nd2 Nxb4 20. cxb4 Bc2 21. Qf3
Ke7 22. Rfe1 Rc3 23. Nb1 Bxb1 24. Rexb1 Qa4 25. Qd1 Qxd1+ 26. Rxd1 Rhc8 27. Ra2
Kd6 28. a4 Rb3 29. b5 Ne4 30. Bxe4 dxe4 31. Kf1 Rc4 32. Ke2 Rbb4 33. Rda1 f5
34. g4 Kd5 35. gxf5 1/2-1/2

[Event "Kieler Open 2018-A"]
[Site "Kiel"]
[Date "2018.07.29"]
[Round "4.28"]
[White "Kosanke, Stefan"]
[Black "Bungarten, Jona"]
[Result "1-0"]
[WhiteElo "1986"]
[BlackElo "1546"]
[Annotator "PH"]
[PlyCount "139"]

1. d4 d5 2. Nf3 Nf6 3. g3 Bf5 4. Bg2 e6 5. O-O Nbd7 6. c4 c5 7. cxd5 Nxd5 8.
Nc3 Nxc3 9. bxc3 Qc7 10. Qa4 Be4 11. Ne5 Bxg2 12. Kxg2 f6 13. Nf3 Bd6 14. dxc5
Bxc5 15. Nd4 Bxd4 16. cxd4 O-O 17. Ba3 Nb6 18. Qb3 Qc6+ 19. f3 Rfe8 20. Rfd1
Qd5 21. Bc5 Qxb3 22. axb3 Nd5 23. Kf2 b6 24. Ba3 Nc3 25. Rd3 Rac8 26. Bb2 Nb5 {
=} 27. Rad1 Rc2 28. R1d2 Rxd2 29. Rxd2 e5 30. d5 Kf7 31. e4 Rc8 32. Ke3 g5 33.
Kd3 Ke7 34. Rg2 Kd6 35. f4 Rf8 36. Rc2 Kd7 37. Rc6 gxf4 38. gxf4 exf4 39. Ke2
Re8 40. Kf3 Nd6 41. Bxf6 Nxe4 42. Kxf4 Nxf6 43. Rxf6 Re2 44. Rh6 Rb2 45. Ke5
Re2+ 46. Kd4 Rd2+ 47. Kc4 Rc2+ 48. Kd3 Rb2 49. Kc3 Rf2 50. Rxh7+ Kd6 51. Rh5
Rf3+ 52. Kc4 Rf4+ 53. Kb5 Rf3 54. b4 Rb3 55. Kc4 Rb2 56. Rh6+ Ke5 57. Re6+ Kf5
58. h3 Rc2+ 59. Kd3 Rb2 60. Kc3 Rb1 61. Re3 Rh1 62. Rd3 Rc1+ 63. Kb3 Rc7 64. d6
Rd7 65. h4 b5 66. Kc3 Ke6 67. h5 Kf6 68. Rd5 Rd8 69. d7 a5 70. bxa5 1-0

[Event "Kieler Open 2018-A"]
[Site "Kiel"]
[Date "2018.07.29"]
[Round "4.29"]
[White "Liu, Mide"]
[Black "Birnbaum, Detlev"]
[Result "0-1"]
[WhiteElo "1655"]
[BlackElo "2118"]
[Annotator "PH"]
[PlyCount "102"]

1. e4 e6 2. d4 d5 3. Nc3 Bb4 4. e5 Ne7 5. a3 Bxc3+ 6. bxc3 c5 7. Qg4 O-O 8. Bd3
f5 9. exf6 Rxf6 10. Qh5 g6 11. Qd1 Nbc6 12. Nf3 Qf8 13. O-O Nf5 14. Bg5 Rf7 15.
Bb5 Nd6 16. Bxc6 bxc6 17. Ne5 Rf5 18. Be3 Ba6 19. g4 Rxe5 20. dxe5 Ne4 21. Re1
Nxc3 22. Qd2 d4 23. Bh6 Qf3 24. Qf4 Ne2+ 25. Rxe2 Bxe2 26. Qxf3 Bxf3 27. h3 Rb8
28. Bg5 Kf7 29. Rc1 Rb2 30. c4 d3 31. Rc3 Be2 32. Kg2 d2 33. Bxd2 Rxd2 34. Rb3
Rd7 35. Rc3 Rd3 36. Rc1 Bd1 37. Rb1 Bb3 38. f4 Ke7 39. h4 Bxc4 40. Rb7+ Rd7 41.
Rb8 Kf7 42. Rh8 Kg7 43. Re8 Bd5+ 44. Kg3 c4 45. h5 c3 46. Kh4 gxh5 47. f5 hxg4
48. fxe6 Rb7 49. e7 Kf7 50. Rg8 Rxe7 51. Rxg4 Rxe5 0-1

[Event "Kieler Open 2018-A"]
[Site "Kiel"]
[Date "2018.07.29"]
[Round "4.30"]
[White "Lubenow, Olaf"]
[Black "Quante, Lennart"]
[Result "0-1"]
[WhiteElo "1794"]
[BlackElo "2083"]
[Annotator "PH"]
[PlyCount "120"]

1. e4 e5 2. Nc3 Nf6 3. g3 d5 4. exd5 Nxd5 5. Bg2 Nxc3 6. bxc3 Nc6 7. Nh3 Bc5 8.
O-O O-O 9. d3 f6 10. Qh5 g6 11. Qh4 Bb6 12. g4 Be6 13. Kh1 Qd7 14. f3 Rf7 15.
Bd2 a5 16. Be1 Ne7 17. a4 Nd5 18. Bd2 Ne3 19. Bxe3 Bxe3 20. Qe1 Bb6 21. Nf2 Bd5
22. Qb1 {=} 22... f5 23. g5 Raf8 24. Qb5 Bc6 25. Qc4 Bd5 26. Qb5 Qc6 27. Nh3
Re7 28. c4 Qxb5 29. axb5 Bf7 30. c5 {=} 30... Bxc5 31. Rxa5 Rfe8 32. Ra4 Bd5
33. Nf2 Kg7 34. f4 Bxg2+ 35. Kxg2 exf4 36. d4 Bd6 37. Nd3 Re2+ 38. Rf2 R8e3 39.
Rc4 f3+ 40. Kg1 b6 41. Ne5 Re1+ 42. Rf1 Rxf1+ 43. Kxf1 Ra3 44. Kf2 Ra5 45. Kxf3
Rxb5 46. h3 Ra5 47. Rc3 Rd5 48. Rc4 b5 49. Rc3 Rxd4 50. Nc6 Rf4+ 51. Kg2 Re4
52. Kf3 b4 53. Rd3 Rc4 54. Nd4 Kf7 55. Rd2 Rc3+ 56. Rd3 Rxd3+ 57. cxd3 c5 58.
Nb3 Ke6 59. Ke3 Kd5 60. Kd2 Bf4+ 0-1

[Event "Kieler Open 2018-A"]
[Site "Kiel"]
[Date "2018.07.29"]
[Round "4.31"]
[White "Deutschbein, Christopher"]
[Black "Easwaralingam, Janith"]
[Result "1-0"]
[WhiteElo "1990"]
[BlackElo "1792"]
[Annotator "PH"]
[PlyCount "25"]

1. Nf3 g6 2. g3 Bg7 3. Bg2 Nf6 4. d3 d5 5. Nbd2 a5 6. O-O O-O 7. e4 Nc6 8. Nh4
Ng4 9. exd5 Nb4 10. Ne4 b6 11. d6 Be6 12. Ng5 Rc8 13. Nxe6 1-0

[Event "Kieler Open 2018-A"]
[Site "Kiel"]
[Date "2018.07.29"]
[Round "4.32"]
[White "Rohmann, Volker"]
[Black "Gütschow, Martin"]
[Result "0-1"]
[WhiteElo "1789"]
[BlackElo "1968"]
[Annotator "PH"]
[PlyCount "44"]

1. e4 e5 2. Nf3 Nf6 3. Nxe5 d6 4. Nf3 Nxe4 5. Qe2 Qe7 6. d3 Nf6 7. Nc3 a6 8.
Bg5 Be6 9. d4 Nbd7 10. O-O-O O-O-O 11. d5 Bg4 12. Qe4 Ne5 13. Qa4 Qd7 14. Bb5
Qf5 15. Bxa6 Bxf3 16. Bxf6 gxf6 17. Bxb7+ Kxb7 18. gxf3 Bh6+ 19. Kb1 Ra8 20.
Qb5+ Kc8 21. Rd4 Qd7 22. Qb3 Nxf3 0-1

[Event "Kieler Open 2018-A"]
[Site "Kiel"]
[Date "2018.07.29"]
[Round "4.33"]
[White "Salwasser, Christian"]
[Black "Berger, Joachim"]
[Result "0-1"]
[WhiteElo "1718"]
[BlackElo "1966"]
[Annotator "PH"]
[PlyCount "32"]

1. e4 e5 2. Nf3 Nc6 3. d4 exd4 4. Bc4 Nf6 5. e5 d5 6. Bb5 Ne4 7. Nxd4 Bc5 8.
Nxc6 Qh4 9. O-O Bxf2+ 10. Rxf2 Qxf2+ 11. Kh1 a6 12. Ba4 Bd7 13. Nc3 Bxc6 14.
Nxd5 O-O-O 15. Ne7+ Kb8 16. Nxc6+ bxc6 0-1

[Event "Kieler Open 2018-A"]
[Site "Kiel"]
[Date "2018.07.29"]
[Round "4.34"]
[White "Boyens, Birger"]
[Black "Christensen, Andreas"]
[Result "0-1"]
[WhiteElo "1935"]
[BlackElo "1790"]
[Annotator "PH"]
[PlyCount "108"]

1. e4 c5 2. Nf3 d6 3. d4 cxd4 4. Nxd4 Nf6 5. Nc3 a6 6. a4 e5 7. Nb3 Be7 8. f4
O-O 9. Be2 Nc6 10. O-O Bd7 11. f5 Nb4 12. Bg5 Bc6 13. Bf3 h6 14. Bh4 Nd7 15.
Be1 a5 16. Nd5 Bxd5 17. exd5 Rc8 18. c3 Na6 19. Bd2 Nac5 20. Nxc5 Nxc5 21. b4
axb4 22. cxb4 Nd3 23. a5 Bf6 24. Be4 Nf4 25. b5 Rc4 26. Qf3 Qd7 27. Rfb1 Rfc8
28. h3 Bg5 29. Bb4 Bd8 30. Kh2 Rd4 31. g3 Rcc4 32. gxf4 Rxe4 33. Bd2 exf4 34.
a6 bxa6 35. bxa6 Qe7 36. a7 Re2+ 37. Kh1 Rxd2 38. a8=Q Rcc2 39. Rb8 Rh2+ 40.
Kg1 Qg5+ 41. Kf1 Rcf2+ 42. Qxf2 Rh1+ 43. Ke2 f3+ 44. Kd3 Qxf5+ 45. Kc4 Qe4+ 46.
Kb5 Qd3+ 47. Kc6 Qc4+ 48. Kb7 Qc7+ 49. Ka6 Rxa1+ 50. Kb5 Rb1+ 51. Ka4 Qc4+ 52.
Ka3 Qc3+ 53. Ka4 Qa1+ 54. Qa2 Qxa2# 0-1

[Event "Kieler Open 2018-A"]
[Site "Kiel"]
[Date "2018.07.29"]
[Round "4.35"]
[White "Hu, Yik Kwan"]
[Black "Schmidt, Peter"]
[Result "0-1"]
[WhiteElo "1504"]
[BlackElo "1932"]
[Annotator "PH"]
[PlyCount "74"]

1. e4 e5 2. Nf3 Nc6 3. Bb5 a6 4. Bxc6 dxc6 5. O-O Bg4 6. h3 Bh5 7. g4 Bg6 8.
Nxe5 Qh4 9. Qf3 f6 10. Nxg6 hxg6 11. Kg2 Bd6 12. Rh1 Ne7 13. d4 g5 14. Nc3
O-O-O 15. Be3 Kb8 16. Ne2 Qh7 17. c4 Ng6 18. Bxg5 fxg5 19. Qc3 Nf4+ 20. Nxf4
Qxe4+ 21. Qf3 Qxf3+ 22. Kxf3 Bxf4 23. Rad1 Rhf8 24. Kg2 Rfe8 25. Kf3 Re7 26. h4
Rf8 27. Kg2 Re2 28. b4 Be3 29. Rhf1 Rfxf2+ 30. Rxf2 Rxf2+ 31. Kg3 gxh4+ 32.
Kxh4 Rxa2 33. d5 Rd2 34. Rxd2 Bxd2 35. b5 cxd5 36. bxa6 dxc4 37. axb7 c3 0-1

[Event "Kieler Open 2018-A"]
[Site "Kiel"]
[Date "2018.07.29"]
[Round "4.36"]
[White "Basey, Matthew"]
[Black "Marcussen, Claus"]
[Result "1-0"]
[WhiteElo "1889"]
[BlackElo "1736"]
[Annotator "PH"]
[PlyCount "36"]

1. e4 d5 2. exd5 Qxd5 3. Nc3 Qd8 4. Bc4 g6 5. Nge2 Bg7 6. d3 Nd7 7. O-O Nb6 8.
Bb3 Nh6 9. Ng3 Bd7 10. Qe2 O-O 11. Bg5 Nc8 12. Rae1 Re8 13. Nce4 Kh8 14. Bxh6
Bxh6 15. Bxf7 Rf8 16. Bb3 Bg7 17. Ng5 Nd6 18. Qxe7 Bf6 1-0

[Event "Kieler Open 2018-A"]
[Site "Kiel"]
[Date "2018.07.29"]
[Round "4.37"]
[White "Schmidt, Gero"]
[Black "Brinckmann, Dieter"]
[Result "0-1"]
[WhiteElo "1741"]
[BlackElo "1870"]
[Annotator "PH"]
[PlyCount "96"]

1. f4 e6 2. Nf3 d5 3. e3 Nf6 4. b3 Bd7 5. Bb2 c5 6. Be2 Nc6 7. O-O Be7 8. Ne5
O-O 9. d3 b5 10. Nd2 Qb6 11. c4 a6 12. Qe1 Rfd8 13. Qg3 Be8 14. Ng4 d4 15. e4
Nxg4 16. Bxg4 Nb4 17. Bd1 Nc6 18. e5 Bf8 19. Bc1 Ne7 20. Ne4 Nf5 21. Qh3 Ra7
22. g4 Ne3 23. Bxe3 dxe3 24. Qxe3 Rad7 25. Bc2 Be7 26. Qh3 Rd4 27. Rae1 Bc6 28.
Ng3 g6 29. Rf2 Qc7 30. Qf1 Bb7 31. h3 Bh4 32. Kh2 bxc4 33. bxc4 Qa5 34. a4 Qc3
35. Re3 Rxc4 36. Rfe2 Rb4 37. d4 Qc4 38. dxc5 Rb2 39. Be4 Rdd2 40. Bd3 Qd4 41.
Qf2 Rxe2 42. Bxe2 Qxc5 43. Rf3 Qc2 44. Re3 Rb1 45. a5 Rh1+ 46. Nxh1 Bxf2 47.
Nxf2 Qd2 48. Nd1 Bf3 0-1

[Event "Kieler Open 2018-A"]
[Site "Kiel"]
[Date "2018.07.29"]
[Round "4.38"]
[White "Wu, Sitang"]
[Black "Papesch, Dennis"]
[Result "0-1"]
[WhiteElo "1403"]
[BlackElo "1850"]
[Annotator "PH"]
[PlyCount "82"]

1. d4 Nf6 2. Nf3 g6 3. c4 Bg7 4. Nc3 d5 5. e3 c6 6. Bd3 O-O 7. O-O dxc4 8. Bxc4
b5 9. Bd3 Bb7 10. b3 a6 11. Ne4 Nbd7 12. Ba3 Re8 13. Nc5 Nxc5 14. Bxc5 Nd7 15.
Rc1 e5 16. dxe5 Nxe5 17. Be2 Qc8 18. Nxe5 Bxe5 19. f4 Bg7 20. Bf3 Qe6 21. e4
Rad8 22. Qe2 Bd4+ 23. Kh1 Rd7 24. e5 Red8 25. Bd6 Be3 26. Rce1 Bxf4 27. Bxc6
Bxc6 28. Rxf4 Rxd6 29. Qf2 Rd2 30. Qh4 Bxg2+ 31. Kg1 Qb6+ 32. Rf2 Qxf2+ 33.
Qxf2 Rxf2 34. Kxf2 Rd2+ 35. Kg3 Rxa2 36. e6 fxe6 37. Rxe6 Bd5 38. Re8+ Kf7 39.
Rh8 Kg7 40. Rc8 Bxb3 41. Rc7+ Bf7 0-1

[Event "Kieler Open 2018-A"]
[Site "Kiel"]
[Date "2018.07.29"]
[Round "4.39"]
[White "Farokhi, Keyvan"]
[Black "Günther, Emil"]
[Result "1-0"]
[WhiteElo "1848"]
[BlackElo "1601"]
[Annotator "PH"]
[PlyCount "45"]

1. e4 e5 2. Nf3 Nc6 3. Bb5 Nf6 4. O-O Nxe4 5. Re1 Nd6 6. Nxe5 Nxe5 7. Rxe5+ Be7
8. Bf1 O-O 9. d4 Bf6 10. Re1 Re8 11. c3 Rxe1 12. Qxe1 Nf5 13. Bf4 d5 14. Bxc7
Qf8 15. Bd3 Be6 16. Be5 Be7 17. Nd2 Rc8 18. Bxf5 Bxf5 19. Bxg7 Kxg7 20. Qe5+
Kg6 21. Qxd5 b6 22. Nf3 Qd8 23. Ne5+ 1-0

[Event "Kieler Open 2018-A"]
[Site "Kiel"]
[Date "2018.07.29"]
[Round "4.41"]
[White "Karlisch, Moritz"]
[Black "Lin, Ze Jun"]
[Result "1-0"]
[WhiteElo "1839"]
[BlackElo "1528"]
[Annotator "PH"]
[PlyCount "51"]

1. d4 Nf6 2. c4 g6 3. Nc3 d5 4. Nf3 Bg7 5. Qb3 dxc4 6. Qxc4 O-O 7. e4 a6 8. Be2
b5 9. Qb3 c5 10. dxc5 Bb7 11. e5 Nfd7 12. Be3 Nxe5 13. Nxe5 Bxe5 14. O-O Qc7
15. f4 Bg7 16. a4 bxa4 17. Nxa4 Nd7 18. Rac1 Bc6 19. Nb6 Nxb6 20. cxb6 Qb7 21.
Rxc6 Qxc6 22. Bf3 Qb5 23. Qxb5 axb5 24. Bxa8 Rxa8 25. Rc1 Rb8 26. Rc7 1-0

[Event "Kieler Open 2018-A"]
[Site "Kiel"]
[Date "2018.07.29"]
[Round "4.42"]
[White "Oltmanns, Marc"]
[Black "Strätker, Sebastian"]
[Result "1-0"]
[WhiteElo "1698"]
[BlackElo "1887"]
[Annotator "PH"]
[PlyCount "109"]

1. e4 e6 2. b3 d5 3. exd5 exd5 4. Bb2 Nf6 5. Nf3 Be7 6. Be2 O-O 7. O-O Bf5 8.
d3 Nc6 9. Nbd2 h6 10. Re1 Bd6 11. Bf1 Bg4 12. g3 a5 13. a4 Nd7 14. Qc1 Nc5 15.
Bg2 Re8 16. Rxe8+ Qxe8 17. Nf1 Nb4 18. Ne3 Bd7 19. Qd2 f5 20. Re1 Qh5 21. Ne5
c6 22. Nxd7 Nxd7 23. f4 Re8 24. Ba3 Nxd3 25. cxd3 Bxa3 26. Qxa5 Bc5 27. Qd2 Bd4
28. Kh1 Bxe3 29. Bxd5+ cxd5 30. Rxe3 Rxe3 31. Qxe3 Nf6 32. Qe6+ Kh7 33. Kg2 Qg6
34. b4 Ng4 35. Qxg6+ Kxg6 36. b5 Nf6 37. a5 Nd7 38. a6 bxa6 39. bxa6 Nb6 40.
Kf3 d4 41. h3 Kf6 42. g4 g6 43. Kg3 Ke6 44. a7 Na8 45. gxf5+ Kxf5 46. Kh4 Nb6
47. Kg3 g5 48. fxg5 Kxg5 49. Kf3 Kh4 50. Ke4 Kxh3 51. Kxd4 Kg4 52. Kc5 Na8 53.
Kc6 h5 54. Kb7 h4 55. Kxa8 1-0

[Event "Kieler Open 2018-A"]
[Site "Kiel"]
[Date "2018.07.29"]
[Round "4.43"]
[White "Werner, René"]
[Black "Schwerdt, Alwin Elias"]
[Result "1/2-1/2"]
[WhiteElo "1856"]
[BlackElo "1672"]
[Annotator "PH"]
[PlyCount "103"]

1. c4 c5 2. g3 g6 3. Bg2 Bg7 4. Nf3 Nc6 5. O-O Nf6 6. Nc3 O-O 7. d3 d6 8. Bd2
Bg4 9. a3 Qc8 10. Re1 Rb8 11. Rb1 b6 12. b4 Re8 13. b5 Nd8 14. Ng5 Bd7 15. a4
Ne6 16. Nge4 Nxe4 17. Bxe4 f5 18. Bg2 Nc7 19. Qc1 e5 20. Bh6 Rf8 21. Bxg7 Kxg7
22. f4 Be6 23. Rf1 Qd8 24. Qb2 exf4 25. Nd5+ Kg8 26. Nxf4 Qf6 27. Qxf6 Rxf6 28.
Nxe6 Rxe6 29. e4 fxe4 30. Bxe4 Rd8 31. Rbe1 Kg7 32. Bg2 Rde8 33. Rxe6 Rxe6 34.
Ra1 Kf6 35. a5 d5 36. axb6 axb6 37. Ra7 dxc4 38. dxc4 Ne8 39. Rxh7 Nd6 40. Bd5
Re7 41. Rh8 Re8 42. Rh7 Re7 43. Rxe7 Kxe7 44. Kf2 Kf6 45. Kf3 Ke5 46. Ke3 Nxb5
47. Bf7 Nd6 48. Bxg6 Nxc4+ 49. Kd3 Nd6 50. h4 Kf6 51. h5 Kg5 52. g4 1/2-1/2

[Event "Kieler Open 2018-A"]
[Site "Kiel"]
[Date "2018.07.29"]
[Round "4.44"]
[White "Linke, Michael"]
[Black "Gehlsen, René"]
[Result "1-0"]
[WhiteElo "1792"]
[BlackElo "1799"]
[Annotator "PH"]
[PlyCount "111"]

1. Nf3 g6 2. d4 Bg7 3. c4 Nf6 4. Nc3 d6 5. e4 O-O 6. h3 b6 7. Bg5 Bb7 8. Qc2 c5
9. d5 Na6 10. a3 Nc7 11. Be2 Nd7 12. O-O f6 13. Be3 Ne5 14. Nd2 g5 15. Nf3
Nxf3+ 16. Bxf3 Qe8 17. Rad1 Qg6 18. Bg4 Bc8 19. Bf5 Bxf5 20. exf5 Qf7 21. Rb1
b5 22. b3 Rfb8 23. Bd2 a6 24. Rfe1 Rb7 25. Qe4 Bf8 26. g4 Rab8 27. Qc2 Qe8 28.
Na2 Qd7 29. Ba5 Ne8 30. Red1 Qc8 31. Rdc1 Nc7 32. Bxc7 Rxc7 33. Qd3 Rbb7 34.
Nc3 Qb8 35. Na2 Qc8 36. Kg2 bxc4 37. bxc4 Qb8 38. Nc3 Kg7 39. Rxb7 Rxb7 40. Qd1
h5 41. Rb1 h4 42. Rxb7 Qxb7 43. Qb1 Qxb1 44. Nxb1 Kf7 45. Nc3 Ke8 46. Kf3 Kd7
47. Ke2 Kc7 48. Na4 Kb7 49. Kd2 Ka7 50. Kc2 Kb7 51. Kb3 Ka7 52. Nb2 Kb6 53. Ka4
Bg7 54. Nd3 Bf8 55. Nc1 Bg7 56. Nb3 1-0

[Event "Kieler Open 2018-A"]
[Site "Kiel"]
[Date "2018.07.29"]
[Round "4.45"]
[White "Wenske, Hardy"]
[Black "Kunkel, Wolfgang"]
[Result "1/2-1/2"]
[WhiteElo "1725"]
[BlackElo "1681"]
[Annotator "PH"]
[PlyCount "83"]

1. Nf3 Nc6 2. d4 d5 3. e3 Bg4 4. c3 Nf6 5. h3 Bxf3 6. Qxf3 e5 7. Bb5 e4 8.
Bxc6+ bxc6 9. Qe2 Bd6 10. b3 O-O 11. Ba3 a5 12. Bxd6 cxd6 13. O-O h6 14. Nd2
Nh7 15. c4 f5 16. cxd5 cxd5 17. Qb5 Nf6 18. Rac1 Rb8 19. Qe2 Qe8 20. Rc2 f4 21.
exf4 Nh5 22. g3 e3 23. Nf3 exf2+ 24. Qxf2 Qd7 25. Kh2 g5 26. Rfc1 gxf4 27. g4
Ng3 28. Rc7 Qb5 29. Qc2 Ne4 30. Qg2 Rbe8 31. Qc2 Rf7 32. Rxf7 Kxf7 33. Re1 Kf6
34. Qe2 Qb4 35. h4 Qc3 36. Qg2 Rg8 37. Re2 Qd3 38. Kh3 Ng5+ 39. hxg5+ hxg5 40.
Qf2 Rh8+ 41. Kg2 Qh7 42. Kf1 1/2-1/2

[Event "Kieler Open 2018-A"]
[Site "Kiel"]
[Date "2018.07.29"]
[Round "4.46"]
[White "Witt, Holger"]
[Black "Hoppe, Marc"]
[Result "1/2-1/2"]
[WhiteElo "1579"]
[BlackElo "1723"]
[Annotator "PH"]
[PlyCount "88"]

1. c4 e5 2. Nc3 Nc6 3. Nf3 Nf6 4. d4 exd4 5. Nxd4 Bb4 6. Bg5 h6 7. Nxc6 bxc6 8.
Bd2 d5 9. cxd5 Nxd5 10. Nxd5 Bxd2+ 11. Qxd2 cxd5 12. Qe3+ Be6 13. Qc5 Qd7 14.
e3 Rb8 15. O-O-O c6 16. Be2 Qb7 17. Rd2 Qb6 18. Qxb6 axb6 19. Rhd1 Ke7 20. a3
Rhd8 21. Bf3 Rbc8 22. h3 f5 23. g4 g5 24. gxf5 Bxf5 25. Bg4 Kf6 26. e4 Bxg4 27.
hxg4 Ke5 28. f3 Kf4 29. Rd3 dxe4 30. Rxd8 Rxd8 31. Rxd8 exf3 32. Kd2 Kxg4 33.
Rd6 h5 34. Ke3 Kg3 35. Rxc6 h4 36. Rxb6 h3 37. Rh6 f2 38. Ke2 Kg2 39. Rf6 h2
40. Rxf2+ Kg3 41. Rxh2 Kxh2 42. Kf3 Kh3 43. Kf2 Kh2 44. Kf3 Kh3 1/2-1/2

[Event "Kieler Open 2018-A"]
[Site "Kiel"]
[Date "2018.07.29"]
[Round "4.47"]
[White "Tang, Zijie"]
[Black "Gerigk, Daniel"]
[Result "1-0"]
[WhiteElo "1519"]
[BlackElo "1690"]
[Annotator "PH"]
[PlyCount "83"]

1. d4 Nf6 2. c4 e6 3. g3 c5 4. d5 exd5 5. cxd5 b5 6. Bg2 d6 7. e4 Bb7 8. Ne2
Nbd7 9. O-O g6 10. a4 b4 11. b3 Bg7 12. Bb2 O-O 13. Qc2 Re8 14. Nd2 Bxd5 15.
Qd3 Qe7 16. exd5 Qxe2 17. Qxe2 Rxe2 18. Nc4 Ne8 19. Bxg7 Kxg7 20. Rfe1 Rxe1+
21. Rxe1 Ndf6 22. Re7 h5 23. Na5 Rc8 24. Rxa7 Rc7 25. Ra6 Re7 26. Kf1 Ne4 27.
Bxe4 Rxe4 28. Nc4 Nc7 29. Rxd6 Rd4 30. Rc6 Nxd5 31. Rxc5 Nc3 32. Ne3 Ne4 33.
Rd5 Nd2+ 34. Ke2 Nxb3 35. Rxd4 Nxd4+ 36. Kd3 Nc6 37. Kc4 Kf8 38. Nd5 Ke8 39.
Nxb4 Nxb4 40. Kxb4 Kd7 41. Kc5 f6 42. a5 1-0

[Event "Kieler Open 2018-A"]
[Site "Kiel"]
[Date "2018.07.30"]
[Round "5.1"]
[White "Vatter, Hans-Joachim"]
[Black "Wan, Yunguo"]
[Result "1/2-1/2"]
[WhiteElo "2216"]
[BlackElo "2514"]
[Annotator "FS"]
[PlyCount "220"]
[EventDate "2018.??.??"]
[WhiteTeam "SC Emmendingen 1937 e.V."]
[BlackTeam "Hebei"]

1. e4 c5 2. Ne2 Nc6 3. d4 cxd4 4. Nxd4 g6 5. c4 Nf6 6. Nc3 d6 7. Be2 Nxd4 8.
Qxd4 Bg7 9. Bg5 O-O 10. Qd2 Be6 11. O-O Qa5 12. Rfd1 Rfc8 13. b3 b5 14. Bxf6
Bxf6 15. Nd5 Qxd2 16. Nxf6+ exf6 17. Rxd2 bxc4 18. bxc4 Bxc4 19. Bxc4 Rxc4 20.
Rxd6 Kg7 21. Re1 Re8 22. Kf1 Rc2 23. a3 Rc3 24. Ra6 Rb8 25. Rxa7 Rb2 26. Kg1
Rcc2 27. Rf1 Rc4 28. g3 Rxe4 29. Kg2 Ra2 30. Rd1 Ree2 31. Rf1 Rec2 32. Kg1 Rc3
33. Kg2 Rcxa3 34. Rxa3 Rxa3 35. Rb1 Ra4 36. Rb7 f5 37. Kf3 g5 38. h3 h5 39. Rb5
Kg6 40. Rb8 Kg7 41. Rb5 Kg6 42. Rb8 h4 43. gxh4 Rxh4 44. Kg2 Rf4 45. Rb6+ f6
46. Rb8 Ra4 47. Rg8+ Kf7 48. Rb8 Ra3 49. Rb6 Kg6 50. Rc6 g4 51. hxg4 fxg4 52.
Rc5 f5 53. Rd5 Kg5 54. Rb5 Rd3 55. Ra5 Rb3 56. Rc5 Kf6 57. Rc6+ Ke5 58. Rc5+
Ke6 59. Rc4 Rf3 60. Rc5 Kf6 61. Ra5 Rc3 62. Rb5 f4 63. Ra5 Rb3 64. Rc5 Ra3 65.
Rb5 Ra2 66. Kg1 Rc2 67. Ra5 Re2 68. Rb5 Re5 69. Rb4 Kg5 70. Ra4 Rb5 71. Rc4 Rb2
72. Ra4 Rc2 73. Rb4 Ra2 74. Rc4 Rd2 75. Ra4 Kf5 76. Rb4 Ke5 77. Ra4 Rd4 78. Ra1
Rd2 79. Re1+ Kf5 80. Ra1 Ke4 81. Rb1 Kf3 82. Rb3+ Ke2 83. Kg2 Rd1 84. Rb2+ Kd3
85. Rb3+ Kd4 86. Ra3 Kd5 87. Ra5+ Ke4 88. Ra4+ Kf5 89. Ra5+ Kf6 90. Rb5 Re1 91.
Ra5 Re2 92. Kg1 Re5 93. Ra4 Kg5 94. Kg2 Rb5 95. Rc4 Rb2 96. Kg1 Ra2 97. Rb4
Ra1+ 98. Kh2 Rf1 99. Kg2 Re1 100. Kh2 f3 101. Rb8 Rf1 102. Rg8+ Kf5 103. Rxg4
Rxf2+ 104. Kg1 Re2 105. Ra4 Re4 106. Rxe4 Kxe4 107. Kf2 Kf4 108. Kf1 Ke3 109.
Ke1 f2+ 110. Kf1 Kf3 1/2-1/2

[Event "Kieler Open 2018-A"]
[Site "Kiel"]
[Date "2018.07.30"]
[Round "5.2"]
[White "Zeng, Chongsheng"]
[Black "Rocha, Sergio"]
[Result "1-0"]
[WhiteElo "2532"]
[BlackElo "2373"]
[Annotator "FS"]
[PlyCount "83"]
[EventDate "2018.??.??"]
[WhiteTeam "Chonqing"]
[BlackTeam "FC Barreirense"]

1. e4 c5 2. Nf3 Nc6 3. d4 cxd4 4. Nxd4 e6 5. Nc3 a6 6. Be2 Nge7 7. Nb3 d6 8. a4
b6 9. O-O Qc7 10. Be3 Ng6 11. f4 Be7 12. Bd3 O-O 13. Qh5 Nb4 14. Rf3 Re8 15.
Raf1 Bb7 16. f5 exf5 17. Nd4 f4 18. Rh3 h6 19. Ne6 fxe6 20. Qxg6 Bg5 21. Bxf4
Qc5+ 22. Kh1 Nxd3 23. cxd3 Rf8 24. Qxe6+ Kh8 25. Rhf3 Bxf4 26. Rxf4 Rxf4 27.
Rxf4 Qe3 28. Qf7 Bc6 29. h3 Qc1+ 30. Kh2 Qxb2 31. Qc4 Bd7 32. Qc7 b5 33. Nd5
bxa4 34. Qxd7 a3 35. Ne7 a2 36. Ng6+ Kh7 37. Qf5 Kg8 38. Qd5+ Kh7 39. Qxa8 a1=Q
40. Rg4 Qe5+ 41. Nxe5 Qxe5+ 42. Rg3 1-0